000 00314nam a22001337a 4500
008 180221b xxu||||| |||| 00| 0 eng d
020 _a314306001
041 _aeng
080 _a330
100 _a52
101 _aEKO
245 _aPareto's Methodological Approach to Economics
_cTarascio, V.J
942 _2udc
_cBK
999 _c43013
_d43013